000 00333nam a2200145Ia 4500
100 _aWolfendale/F.
942 _cBK
654 _aCircuits
245 _aComputer aided design of electronic circuits
260 _bIliffe Book (Xerox copy)
_aLondon
082 _a621.3815303
_bW
300 _a172
546 _aENGLISH
999 _c18687
_d18687